[Event "D14"]
[Site "?"]
[Date "2020.08.25"]
[Round "10.1"]
[White "Starosta, Martyna"]
[Black "Pawicka, Magdalena"]
[Result "1-0"]
[BlackElo "1610"]
[WhiteElo "1800"]
[LiveChessVersion "1.4.4"]

1. e4 {[%clk 0:15:18]} e5 {[%clk 0:15:18]} 2. Nf3 {[%clk 0:15:26]} Nc6
{[%clk 0:15:27]} 3. Bb5 {[%clk 0:15:35]} a6 {[%clk 0:15:37]} 4. Ba4
{[%clk 0:15:44]} d6 {[%clk 0:15:46]} 5. c3 {[%clk 0:15:46]} Bd7 {[%clk 0:15:54]}
6. d4 {[%clk 0:15:51]} g6 {[%clk 0:16:03]} 7. O-O {[%clk 0:15:46]} Bg7
{[%clk 0:15:55]} 8. d5 {[%clk 0:15:31]} Nb8 {[%clk 0:15:41]} 9. c4
{[%clk 0:15:23]} h6 {[%clk 0:15:03]} 10. Nc3 {[%clk 0:15:31]} Ne7
{[%clk 0:12:07]} 11. b4 {[%clk 0:14:45]} f5 {[%clk 0:11:25]} 12. c5
{[%clk 0:13:48]} O-O {[%clk 0:10:35]} 13. Nd2 {[%clk 0:12:23]} f4
{[%clk 0:08:10]} 14. f3 {[%clk 0:12:11]} Bxa4 {[%clk 0:07:01]} 15. Nxa4
{[%clk 0:12:05]} a5 {[%clk 0:05:49]} 16. bxa5 {[%clk 0:10:58]} Rxa5
{[%clk 0:04:59]} 17. cxd6 {[%clk 0:10:21]} cxd6 {[%clk 0:04:54]} 18. Rb1
{[%clk 0:09:45]} b5 {[%clk 0:04:27]} 19. Nc3 {[%clk 0:09:47]} Qb6+
{[%clk 0:04:14]} 20. Kh1 {[%clk 0:09:44]} Rc8 {[%clk 0:03:56]} 21. Qb3
{[%clk 0:09:10]} Nd7 {[%clk 0:02:25]} 22. Ba3 {[%clk 0:03:28]} Nc5
{[%clk 0:00:32]} 23. Bxc5 {[%clk 0:03:15]} Qxc5 {[%clk 0:00:26]} 24. Nxb5
{[%clk 0:03:05]} Rb8 {[%clk 0:00:14]} 25. a4 {[%clk 0:03:10]} Rc8
{[%clk 0:00:13]} 26. h3 {[%clk 0:02:55]} Bf8 {[%clk 0:00:21]} 27. Rfc1
{[%clk 0:01:54]} Qb6 {[%clk 0:00:18]} 28. Rxc8 {[%clk 0:01:50]} Nxc8
{[%clk 0:00:23]} 29. Nc4 {[%clk 0:01:59]} Qa6 {[%clk 0:00:12]} 30. Nxa5
{[%clk 0:02:04]} Qxa5 {[%clk 0:00:21]} 31. Qb4 {[%clk 0:01:58]} Qb6
{[%clk 0:00:29]} 32. a5 {[%clk 0:01:59]} Qa6 {[%clk 0:00:34]} 33. Nc7
{[%clk 0:02:06]} Qd3 {[%clk 0:00:43]} 34. Qb5 {[%clk 0:01:51]} Qc2
{[%clk 0:00:47]} 35. Ne6 {[%clk 0:01:46]} Na7 {[%clk 0:00:51]} 36. Qb8
{[%clk 0:01:52]} Nc8 {[%clk 0:00:53]} 37. a6 {[%clk 0:01:58]} Qa2
{[%clk 0:00:42]} 38. a7 {[%clk 0:02:01]} Qxa7 {[%clk 0:00:34]} 39. Qxc8
{[%clk 0:02:10]} 1-0

[Event "D14"]
[Site "?"]
[Date "2020.08.25"]
[Round "10.2"]
[White "Siekanska, Maria"]
[Black "Obrochta, Lena"]
[Result "0-1"]
[BlackElo "1504"]
[WhiteElo "1609"]
[LiveChessVersion "1.4.4"]

1. d4 {[%clk 0:15:18]} d5 {[%clk 0:15:19]} 2. c4 {[%clk 0:15:27]} e6
{[%clk 0:15:24]} 3. Nc3 {[%clk 0:15:32]} Be7 {[%clk 0:15:32]} 4. cxd5
{[%clk 0:15:39]} exd5 {[%clk 0:15:41]} 5. Bf4 {[%clk 0:15:47]} Nf6
{[%clk 0:15:49]} 6. e3 {[%clk 0:15:50]} Bf5 {[%clk 0:15:53]} 7. Nge2
{[%clk 0:15:42]} c6 {[%clk 0:15:44]} 8. Ng3 {[%clk 0:15:46]} Bg6 {[%clk 0:15:41]}
9. Be2 {[%clk 0:15:26]} Nbd7 {[%clk 0:15:43]} 10. a3 {[%clk 0:15:10]} a5
{[%clk 0:15:49]} 11. h4 {[%clk 0:14:04]} h6 {[%clk 0:14:04]} 12. h5
{[%clk 0:14:08]} Bh7 {[%clk 0:14:08]} 13. Bd3 {[%clk 0:13:21]} Bxd3
{[%clk 0:13:20]} 14. Qxd3 {[%clk 0:13:29]} Nf8 {[%clk 0:12:51]} 15. O-O
{[%clk 0:11:50]} Ne6 {[%clk 0:12:50]} 16. Be5 {[%clk 0:11:58]} Rc8
{[%clk 0:09:34]} 17. Rad1 {[%clk 0:11:27]} O-O {[%clk 0:08:31]} 18. f4
{[%clk 0:10:47]} Nd7 {[%clk 0:07:02]} 19. f5 {[%clk 0:08:49]} Ng5
{[%clk 0:06:52]} 20. f6 {[%clk 0:07:05]} Bxf6 {[%clk 0:06:30]} 21. Bxf6
{[%clk 0:07:04]} Nxf6 {[%clk 0:06:08]} 22. Rd2 {[%clk 0:05:28]} Qe7
{[%clk 0:04:51]} 23. Rf4 {[%clk 0:03:53]} Rce8 {[%clk 0:04:28]} 24. Re2
{[%clk 0:02:52]} Nge4 {[%clk 0:04:02]} 25. Ncxe4 {[%clk 0:02:29]} Nxe4
{[%clk 0:04:03]} 26. Nxe4 {[%clk 0:01:50]} dxe4 {[%clk 0:04:12]} 27. Qb3
{[%clk 0:01:53]} b5 {[%clk 0:03:06]} 28. Ref2 {[%clk 0:02:00]} Qe6
{[%clk 0:02:21]} 29. Qc3 {[%clk 0:01:45]} f5 {[%clk 0:02:18]} 30. Qxa5
{[%clk 0:01:44]} Rf6 {[%clk 0:01:51]} 31. Qc3 {[%clk 0:01:22]} Ref8
{[%clk 0:01:53]} 32. Qc5 {[%clk 0:01:21]} Kh7 {[%clk 0:01:32]} 33. g4
{[%clk 0:00:56]} fxg4 {[%clk 0:01:30]} 34. Qxf8 {[%clk 0:01:04]} Rxf8
{[%clk 0:01:34]} 35. Rxf8 {[%clk 0:01:13]} g3 {[%clk 0:01:30]} 36. Rc2 Qh3
{[%clk 0:01:07]} 37. Rg2 {[%clk 0:00:13]} Qxh5 {[%clk 0:00:21]} 38. Rxg3
{[%clk 0:00:21]} Qd1+ {[%clk 0:00:23]} 39. Rf1 {[%clk 0:00:27]} Qb3
{[%clk 0:00:21]} 40. Rf2 {[%clk 0:00:29]} g5 {[%clk 0:00:24]} 41. Kh2
{[%clk 0:00:19]} Kg6 {[%clk 0:00:27]} 42. Re2 {[%clk 0:00:00]} 0-1

[Event "D14"]
[Site "?"]
[Date "2020.08.25"]
[Round "10.3"]
[White "Zabrzanska, Weronika"]
[Black "Tokarz, Izabela"]
[Result "1-0"]
[BlackElo "1533"]
[WhiteElo "1654"]
[LiveChessVersion "1.4.4"]

1. e4 {[%clk 0:15:18]} c5 {[%clk 0:15:19]} 2. c3 {[%clk 0:15:27]} d5
{[%clk 0:15:13]} 3. exd5 {[%clk 0:15:36]} Qxd5 {[%clk 0:15:21]} 4. d4
{[%clk 0:15:45]} e5 {[%clk 0:15:17]} 5. dxe5 {[%clk 0:15:39]} Qxe5+
{[%clk 0:14:24]} 6. Be3 {[%clk 0:15:17]} Nf6 {[%clk 0:14:16]} 7. Nf3
{[%clk 0:15:24]} Qc7 {[%clk 0:14:24]} 8. Be2 {[%clk 0:15:08]} Be7
{[%clk 0:14:07]} 9. O-O {[%clk 0:15:01]} O-O {[%clk 0:14:14]} 10. Qc2
{[%clk 0:15:10]} b6 {[%clk 0:14:11]} 11. Na3 {[%clk 0:14:43]} a6 {[%clk 0:13:36]}
12. Nc4 {[%clk 0:14:49]} Bb7 {[%clk 0:13:37]} 13. h3 {[%clk 0:14:31]} Nbd7
{[%clk 0:13:33]} 14. a4 {[%clk 0:14:19]} Nd5 {[%clk 0:12:33]} 15. Ng5
{[%clk 0:12:47]} Bxg5 {[%clk 0:12:00]} 16. Bxg5 {[%clk 0:12:49]} Ne5
{[%clk 0:10:43]} 17. Bh4 {[%clk 0:11:44]} Nxc4 {[%clk 0:09:39]} 18. Bxc4
{[%clk 0:11:37]} Qc6 {[%clk 0:08:54]} 19. Qe4 {[%clk 0:10:41]} f5
{[%clk 0:06:04]} 20. Qf3 {[%clk 0:10:15]} Kh8 {[%clk 0:05:55]} 21. Rfd1
{[%clk 0:09:47]} Nf6 {[%clk 0:05:42]} 22. Qxc6 {[%clk 0:08:54]} Bxc6
{[%clk 0:05:51]} 23. Rd6 {[%clk 0:08:53]} Bxa4 {[%clk 0:03:12]} 24. Bxf6
{[%clk 0:06:39]} gxf6 {[%clk 0:03:21]} 25. Rxa4 {[%clk 0:05:51]} b5
{[%clk 0:03:30]} 26. Bxb5 {[%clk 0:03:59]} axb5 {[%clk 0:03:38]} 27. Rxa8
{[%clk 0:04:04]} Rxa8 {[%clk 0:03:47]} 28. Rxf6 {[%clk 0:04:13]} b4
{[%clk 0:02:44]} 29. cxb4 {[%clk 0:03:04]} cxb4 {[%clk 0:02:53]} 30. Rxf5
{[%clk 0:02:55]} Ra2 {[%clk 0:02:53]} 31. b3 {[%clk 0:02:52]} Ra1+
{[%clk 0:02:51]} 32. Kh2 {[%clk 0:02:58]} Rb1 {[%clk 0:03:00]} 33. Rf3
{[%clk 0:03:06]} Kg7 {[%clk 0:03:07]} 34. Kg3 {[%clk 0:03:13]} Kg6
{[%clk 0:03:15]} 35. Kh4 {[%clk 0:02:01]} h5 {[%clk 0:03:01]} 36. g4
{[%clk 0:01:43]} hxg4 {[%clk 0:03:08]} 37. hxg4 {[%clk 0:01:52]} Rh1+
{[%clk 0:03:02]} 38. Kg3 {[%clk 0:01:58]} Rc1 {[%clk 0:03:11]} 39. Re3
{[%clk 0:01:41]} Rc3 {[%clk 0:03:08]} 40. Kf4 {[%clk 0:01:42]} Rc2
{[%clk 0:03:12]} 41. f3 {[%clk 0:01:35]} Rb2 {[%clk 0:03:15]} 42. Ke5
{[%clk 0:01:30]} Kg5 {[%clk 0:03:22]} 43. Kd4 {[%clk 0:00:52]} Kf4
{[%clk 0:03:31]} 44. Rd3 {[%clk 0:01:00]} Rc2 {[%clk 0:03:33]} 45. Kd5
{[%clk 0:00:54]} Rc3 {[%clk 0:03:22]} 46. Rd4+ {[%clk 0:00:58]} Kg5
{[%clk 0:03:28]} 47. Rxb4 {[%clk 0:00:51]} Rxf3 {[%clk 0:03:37]} 48. Kc5
{[%clk 0:00:48]} Re3 {[%clk 0:03:39]} 49. Kb5 {[%clk 0:00:41]} Rd3
{[%clk 0:03:47]} 50. Ka4 {[%clk 0:00:49]} Re3 {[%clk 0:03:43]} 51. Rd4
{[%clk 0:00:50]} Re8 {[%clk 0:03:51]} 52. b4 {[%clk 0:00:53]} Ra8+
{[%clk 0:03:59]} 53. Kb3 {[%clk 0:00:56]} Rc8 {[%clk 0:04:05]} 54. b5
{[%clk 0:01:02]} Rc1 {[%clk 0:04:03]} 55. Kb4 {[%clk 0:01:05]} Rc8
{[%clk 0:04:09]} 56. b6 {[%clk 0:01:13]} Rb8 {[%clk 0:04:15]} 57. Kb5
{[%clk 0:01:22]} Rc8 {[%clk 0:04:25]} 58. b7 {[%clk 0:01:30]} Rb8
{[%clk 0:04:32]} 59. Kb6 {[%clk 0:01:39]} 1-0

[Event "D14"]
[Site "?"]
[Date "2020.08.25"]
[Round "10.4"]
[White "Barwinska, Ewa"]
[Black "Giemza, Julia"]
[Result "1-0"]
[BlackElo "1472"]
[WhiteElo "1567"]
[LiveChessVersion "1.4.4"]

1. e4 c5 2. Nf3 e6 3. d4 cxd4 4. Nxd4 Qb6 5. Nb3 Nf6 6. Bd3 Nc6 7. Be3 Qc7 8. O-O
d5 9. Nc3 dxe4 10. Nxe4 Nd5 11. Qe2 Be7 12. Qg4 g6 13. Qe2 f5 14. Ned2 O-O 15.
Bh6 Re8 16. Bc4 Kf7 17. Nf3 Bf6 18. Ng5+ Bxg5 19. Bxg5 b6 20. Qd2 Nf6 21. Bf4 Qd7
22. Qe2 Kg7 23. Rad1 Qe7 24. Bd6 Qb7 25. f4 Ne4 26. Nc1 a6 27. Be5+ Nxe5 28. fxe5
b5 29. Bd3 Nc5 30. Nb3 Nxb3 31. axb3 Bd7 32. Qe3 Bc6 33. Qg5 Qe7 34. Qf4 Rad8 35.
h3 h5 36. Qg3 Rf8 37. Kh1 h4 38. Qf4 g5 39. Qe3 b4 40. Bxa6 Ra8 41. Be2 Rad8 42.
Qb6 Qb7 43. Qxb7+ Bxb7 44. Rd6 Rxd6 45. exd6 Rd8 46. Rd1 Be4 47. c4 bxc3 48. bxc3
Bc2 49. Rd2 Bxb3 50. c4 Ba4 51. c5 Kf6 52. Ra2 Bc6 53. Ra6 Bd5 54. Ra4 Rb8 55.
Bf3 Bxf3 56. gxf3 Rb1+ 57. Kg2 Rb2+ 58. Kg1 Rb1+ 59. Kg2 Rb2+ 60. Kf1 Rb1+ 61.
Ke2 Rb2+ 62. Kd1 Rh2 63. Rd4 Rh1+ 64. Kc2 Rh2+ 65. Kc3 Rxh3 66. d7 Rxf3+ 67. Kc4
h3 68. d8=Q+ Kg6 69. Qg8+ Kf6 70. Qh8+ Kg6 71. Rd7 f4 72. Rg7+ Kf5 73. Qh7+ Kg4
74. Qg6 Rg3 75. Qxg5+ Kf3 76. Qh5+ Kf2 77. Rxg3 Kxg3 78. Qg5+ Kf3 79. Qg1 Ke2 80.
Qh2+ Ke3 81. Qxh3+ f3 82. Qxe6+ Kf2 83. c6 Kf1 84. Qh3+ Kg1 85. Qxf3 1-0

[Event "D14"]
[Site "?"]
[Date "2020.08.25"]
[Round "10.5"]
[White "Rejniak, Zuzanna"]
[Black "Mroz, Lena"]
[Result "1/2-1/2"]
[BlackElo "1459"]
[WhiteElo "1474"]
[LiveChessVersion "1.4.4"]

1. e4 c5 2. Nf3 Nc6 3. Nc3 e6 4. d4 cxd4 5. Nxd4 a6 6. Nxc6 bxc6 7. Bd3 Qc7 8.
O-O d5 9. Re1 Be7 10. Qg4 g6 11. exd5 cxd5 12. Qd4 f6 13. Bf4 Qc6 14. a4 Kf7 15.
Bg3 Bd7 16. Rad1 Bc5 17. Qh4 Kg7 18. Ne4 Be7 19. Bf4 Ra7 20. Qg3 dxe4 21. Bxe4
Qc8 22. Bb8 Rb7 23. Bxb7 Qxb7 24. Bd6 Kf7 25. Bxe7 Nxe7 26. Qd6 Bc8 27. b4 Nf5
28. Qc5 Bd7 29. a5 Rc8 30. Qb6 Qxb6 31. Rxd7+ Ke8 32. axb6 Kxd7 33. c4 e5 34. c5
Kc6 35. Ra1 Kb7 36. Rd1 Nd4 37. f4 a5 38. fxe5 fxe5 39. bxa5 Rxc5 40. Ra1 Ka6 41.
Kf2 Nc6 42. Rd1 Nd4 43. Rb1 Rb5 44. Rxb5 Kxb5 45. Ke3 Kxa5 46. Ke4 Kxb6 47. Kxe5
Kc5 48. h4 Ne2 49. g4 Kc6 50. h5 Kd7 51. hxg6 hxg6 52. Kf6 Nf4 53. Kg5 Ke6 54.
Kxf4 Kf6 55. g5+ Ke6 56. Ke4 Ke5+ 1/2-1/2

[Event "D14"]
[Site "?"]
[Date "2020.08.25"]
[Round "10.6"]
[White "Bialek, Alicja"]
[Black "Janikowska, Wiktoria"]
[Result "1-0"]
[BlackElo "1396"]
[WhiteElo "1307"]
[LiveChessVersion "1.4.4"]

1. e4 c5 2. c3 d5 3. exd5 Qxd5 4. d4 Nc6 5. Be3 cxd4 6. cxd4 e6 7. Nf3 Bb4+ 8.
Nc3 Nf6 9. Bd3 Qa5 10. Qc2 Nd5 11. Bd2 Qb6 12. Nxd5 exd5 13. O-O Bxd2 14. Qxd2
O-O 15. Qg5 Nxd4 16. Bxh7+ Kh8 17. Nxd4 Qxd4 18. Qh5 Qg4 19. Bg6+ Qxh5 20. Bxh5
Be6 21. Rfd1 Rac8 22. Rd2 Rc5 23. Bf3 Rfc8 24. h3 b6 25. Rad1 Rb5 26. b3 Ra5 27.
a4 d4 28. Rxd4 Bxb3 29. Rd8+ Rxd8 30. Rxd8+ Kh7 31. Be4+ g6 32. Rd7 Rxa4 33. Bd3
Ra1+ 34. Kh2 Rd1 35. Bxg6+ Kxg6 36. Rxa7 Rd2 37. Ra6 Rd6 38. h4 Bc4 39. Ra3 Kh5
40. Rf3 b5 41. Rf4 Kg6 42. g4 Rf6 43. h5+ Kg5 44. Re4 Rxf2+ 45. Kg3 Rf6 46. Re5+
Kh6 47. g5+ Kg7 48. gxf6+ Kxf6 49. Re1 Kg7 50. Kh4 Kh6 51. Rd1 Be6 52. Rb1 Bc4
53. Rd1 Be6 54. Rd4 Kh7 55. Kg5 Kg7 56. h6+ Kh7 57. Kh5 Bf5 58. Rd5 Bg6+ 59. Kg5
b4 60. Rb5 f6+ 61. Kxf6 Kxh6 62. Rxb4 Kh5 63. Rb5+ Kh6 64. Rb2 Bh5 65. Rh2 Kh7
66. Rxh5+ Kg8 67. Rg5+ Kf8 68. Rg7 Ke8 69. Rh7 Kf8 70. Rh8# 1-0

[Event "D14"]
[Site "?"]
[Date "2020.08.25"]
[Round "10.7"]
[White "Zalog, Aleksandra"]
[Black "Szopa, Emilia"]
[Result "1-0"]
[BlackElo "1214"]
[WhiteElo "1379"]
[LiveChessVersion "1.4.4"]

1. d4 {[%clk 0:15:19]} Nf6 {[%clk 0:15:18]} 2. c4 {[%clk 0:15:25]} c5
{[%clk 0:15:26]} 3. Nf3 {[%clk 0:15:23]} d6 {[%clk 0:15:33]} 4. e3
{[%clk 0:15:25]} g6 {[%clk 0:15:38]} 5. Nc3 {[%clk 0:15:24]} cxd4
{[%clk 0:15:26]} 6. Nxd4 {[%clk 0:15:28]} Bg7 {[%clk 0:15:33]} 7. Qa4+
{[%clk 0:14:33]} Bd7 {[%clk 0:14:38]} 8. Qb3 {[%clk 0:13:00]} Qc8
{[%clk 0:14:26]} 9. Bd3 {[%clk 0:11:44]} O-O {[%clk 0:14:03]} 10. h3
{[%clk 0:10:49]} Nc6 {[%clk 0:14:03]} 11. Nf3 {[%clk 0:10:36]} a6
{[%clk 0:13:24]} 12. Na4 {[%clk 0:09:01]} Qc7 {[%clk 0:12:47]} 13. Bd2
{[%clk 0:08:55]} Rab8 {[%clk 0:11:35]} 14. Nb6 {[%clk 0:08:26]} Be6
{[%clk 0:11:28]} 15. e4 {[%clk 0:06:34]} Nd7 {[%clk 0:10:49]} 16. Nd5
{[%clk 0:06:35]} Qd8 {[%clk 0:10:45]} 17. Rc1 {[%clk 0:04:26]} Nc5
{[%clk 0:10:16]} 18. Qc2 {[%clk 0:04:17]} Nxd3+ {[%clk 0:09:33]} 19. Qxd3
{[%clk 0:04:22]} Bxb2 {[%clk 0:09:39]} 20. Rb1 {[%clk 0:04:21]} Ne5
{[%clk 0:09:21]} 21. Nxe5 {[%clk 0:04:22]} Bxe5 {[%clk 0:09:28]} 22. Ne3
{[%clk 0:03:24]} Bg7 {[%clk 0:08:36]} 23. h4 {[%clk 0:03:25]} Qc7
{[%clk 0:08:24]} 24. h5 {[%clk 0:03:07]} Rfc8 {[%clk 0:08:21]} 25. Rc1
{[%clk 0:03:02]} Qc5 {[%clk 0:07:44]} 26. hxg6 {[%clk 0:02:56]} hxg6
{[%clk 0:07:47]} 27. Nd5 {[%clk 0:03:00]} Bxd5 {[%clk 0:07:33]} 28. exd5
{[%clk 0:03:05]} Qd4 {[%clk 0:07:34]} 29. Qh3 {[%clk 0:02:38]} Qe4+
{[%clk 0:06:23]} 30. Kf1 {[%clk 0:02:35]} Rxc4 {[%clk 0:05:32]} 31. Re1
{[%clk 0:02:43]} Qd4 {[%clk 0:04:59]} 32. Qh7+ {[%clk 0:02:47]} Kf8
{[%clk 0:05:07]} 33. Bh6 {[%clk 0:02:51]} Bxh6 {[%clk 0:05:02]} 34. Qxh6+
{[%clk 0:02:58]} Qg7 {[%clk 0:05:01]} 35. Qh8+ {[%clk 0:03:04]} Qg8
{[%clk 0:05:09]} 36. Qh6+ {[%clk 0:03:10]} Ke8 {[%clk 0:05:09]} 37. Qe3
{[%clk 0:03:17]} Rc7 {[%clk 0:05:04]} 38. Rh6 {[%clk 0:03:15]} e5
{[%clk 0:02:25]} 39. dxe6 {[%clk 0:03:21]} fxe6 {[%clk 0:01:50]} 40. Qh3
{[%clk 0:03:30]} Kd7 {[%clk 0:01:52]} 41. Rh7+ {[%clk 0:03:20]} Kc6
{[%clk 0:01:34]} 42. Rc1+ {[%clk 0:03:29]} Kb6 {[%clk 0:01:37]} 43. Qb3+
{[%clk 0:03:26]} Ka7 {[%clk 0:01:42]} 44. Rcxc7 {[%clk 0:03:34]} Qxh7
{[%clk 0:00:46]} 45. Rxh7 {[%clk 0:03:38]} d5 {[%clk 0:00:44]} 46. Qe3+
{[%clk 0:03:44]} Ka8 {[%clk 0:00:52]} 47. Qxe6 {[%clk 0:03:52]} d4
{[%clk 0:01:01]} 48. Qd6 {[%clk 0:03:56]} Rc8 {[%clk 0:00:57]} 49. Qxd4
{[%clk 0:04:03]} g5 {[%clk 0:00:58]} 50. Qd7 {[%clk 0:04:07]} Rb8
{[%clk 0:01:07]} 51. Re7 {[%clk 0:04:13]} g4 {[%clk 0:01:14]} 52. Re8
{[%clk 0:04:22]} Rxe8 {[%clk 0:01:21]} 53. Qxe8+ {[%clk 0:04:30]} 1-0

[Event "D14"]
[Site "?"]
[Date "2020.08.25"]
[Round "11.1"]
[White "Starosta, Martyna"]
[Black "Barwinska, Ewa"]
[Result "1/2-1/2"]
[BlackElo "1567"]
[WhiteElo "1800"]
[LiveChessVersion "1.4.4"]

1. e4 {[%clk 0:15:18]} c5 {[%clk 0:15:19]} 2. Nf3 {[%clk 0:15:26]} d6
{[%clk 0:15:27]} 3. d4 {[%clk 0:15:35]} cxd4 {[%clk 0:15:36]} 4. Nxd4
{[%clk 0:15:44]} Nf6 {[%clk 0:15:45]} 5. Nc3 {[%clk 0:15:54]} a6 {[%clk 0:15:54]}
6. Bg5 {[%clk 0:16:02]} e6 {[%clk 0:16:02]} 7. f4 {[%clk 0:16:11]} Be7
{[%clk 0:16:11]} 8. Qf3 {[%clk 0:16:20]} Qc7 {[%clk 0:16:20]} 9. O-O-O
{[%clk 0:16:28]} Nbd7 {[%clk 0:16:28]} 10. g4 {[%clk 0:16:31]} b5
{[%clk 0:16:37]} 11. Bxf6 {[%clk 0:16:28]} Nxf6 {[%clk 0:16:45]} 12. g5
{[%clk 0:16:37]} Nd7 {[%clk 0:16:53]} 13. f5 {[%clk 0:16:33]} Bxg5+
{[%clk 0:17:00]} 14. Kb1 {[%clk 0:16:42]} Ne5 {[%clk 0:17:08]} 15. Qh5
{[%clk 0:16:41]} Qe7 {[%clk 0:17:16]} 16. Nxe6 {[%clk 0:15:38]} Bxe6
{[%clk 0:17:24]} 17. fxe6 {[%clk 0:15:47]} g6 {[%clk 0:17:33]} 18. exf7+
{[%clk 0:15:36]} Kxf7 {[%clk 0:17:37]} 19. Qe2 {[%clk 0:14:42]} Kg7
{[%clk 0:17:43]} 20. Nd5 {[%clk 0:14:46]} Qd8 {[%clk 0:17:51]} 21. h4
{[%clk 0:14:48]} Bxh4 {[%clk 0:17:48]} 22. Nf4 {[%clk 0:13:53]} Qf6
{[%clk 0:15:56]} 23. Nd5 {[%clk 0:12:09]} Qd8 {[%clk 0:16:03]} 24. Nf4
{[%clk 0:08:48]} Qf6 {[%clk 0:16:05]} 25. Nd5 {[%clk 0:07:52]} Qd8
{[%clk 0:16:12]} 26. Rg1 {[%clk 0:05:48]} Bg5 {[%clk 0:14:25]} 27. Bh3
{[%clk 0:04:43]} Ra7 {[%clk 0:12:53]} 28. Qf2 {[%clk 0:04:03]} Rf7
{[%clk 0:12:15]} 29. Qd4 {[%clk 0:03:47]} a5 {[%clk 0:08:38]} 30. Nc3
{[%clk 0:02:36]} b4 {[%clk 0:08:39]} 31. Nb5 {[%clk 0:02:29]} Be7
{[%clk 0:08:18]} 32. Nxd6 {[%clk 0:01:54]} Bxd6 {[%clk 0:08:16]} 33. Qxd6
{[%clk 0:02:03]} Qxd6 {[%clk 0:08:23]} 34. Rxd6 {[%clk 0:02:11]} Rhf8
{[%clk 0:07:33]} 35. b3 {[%clk 0:01:32]} Rf4 {[%clk 0:05:51]} 36. Re1
{[%clk 0:00:51]} Nf3 {[%clk 0:04:38]} 37. Re3 {[%clk 0:01:00]} Ng5
{[%clk 0:04:43]} 38. e5 {[%clk 0:00:38]} Nxh3 {[%clk 0:01:10]} 39. Rxh3
{[%clk 0:00:47]} Re4 {[%clk 0:01:19]} 40. Rd7+ {[%clk 0:00:38]} Rf7
{[%clk 0:01:15]} 41. Rxh7+ {[%clk 0:00:31]} Kxh7 {[%clk 0:01:24]} 42. Rxf7+
{[%clk 0:00:40]} Kg8 {[%clk 0:01:09]} 43. Re7 {[%clk 0:00:29]} Kf8
{[%clk 0:01:08]} 44. Re6 {[%clk 0:00:38]} Kf7 {[%clk 0:01:13]} 45. Rf6+
{[%clk 0:00:47]} Kg7 {[%clk 0:01:22]} 46. Re6 {[%clk 0:00:22]} Kf7
{[%clk 0:01:31]} 47. Rf6+ {[%clk 0:00:31]} Kg7 {[%clk 0:01:40]} 1/2-1/2

[Event "D14"]
[Site "?"]
[Date "2020.08.25"]
[Round "11.2"]
[White "Obrochta, Lena"]
[Black "Zalog, Aleksandra"]
[Result "1-0"]
[BlackElo "1379"]
[WhiteElo "1504"]
[LiveChessVersion "1.4.4"]

1. e4 {[%clk 0:15:17]} c6 {[%clk 0:15:18]} 2. d4 {[%clk 0:15:26]} d5
{[%clk 0:15:25]} 3. exd5 {[%clk 0:15:34]} cxd5 {[%clk 0:15:30]} 4. Bd3
{[%clk 0:15:42]} e6 {[%clk 0:15:35]} 5. c3 {[%clk 0:15:48]} Nc6 {[%clk 0:15:23]}
6. Bf4 {[%clk 0:15:56]} Bd6 {[%clk 0:15:29]} 7. Bxd6 {[%clk 0:16:04]} Qxd6
{[%clk 0:15:37]} 8. Nf3 {[%clk 0:16:13]} Nf6 {[%clk 0:15:42]} 9. O-O
{[%clk 0:16:20]} a6 {[%clk 0:15:19]} 10. a4 {[%clk 0:16:29]} a5 {[%clk 0:15:11]}
11. Qe2 {[%clk 0:16:33]} Bd7 {[%clk 0:14:35]} 12. Nbd2 {[%clk 0:16:39]} b6
{[%clk 0:14:18]} 13. Ne5 {[%clk 0:16:39]} O-O {[%clk 0:13:53]} 14. f4
{[%clk 0:16:46]} Be8 {[%clk 0:13:28]} 15. Ndf3 {[%clk 0:16:27]} Nd7
{[%clk 0:13:12]} 16. Bxh7+ {[%clk 0:15:54]} Kxh7 {[%clk 0:12:07]} 17. Ng5+
{[%clk 0:16:02]} Kg8 {[%clk 0:12:13]} 18. Nxd7 {[%clk 0:15:57]} f6
{[%clk 0:12:05]} 19. Nxf8 {[%clk 0:16:04]} fxg5 {[%clk 0:12:11]} 20. Qxe6+
{[%clk 0:16:09]} Qxe6 {[%clk 0:12:12]} 21. Nxe6 {[%clk 0:16:17]} gxf4
{[%clk 0:12:13]} 22. Nxf4 {[%clk 0:16:22]} Bf7 {[%clk 0:12:10]} 23. Rae1
{[%clk 0:16:08]} Rb8 {[%clk 0:11:48]} 24. Rf2 {[%clk 0:14:34]} Rb7
{[%clk 0:10:51]} 25. Nd3 {[%clk 0:14:38]} Nd8 {[%clk 0:10:32]} 26. Ne5
{[%clk 0:14:34]} Re7 {[%clk 0:09:56]} 27. Ref1 {[%clk 0:14:20]} Be8
{[%clk 0:10:01]} 28. Rf8+ {[%clk 0:13:57]} Kh7 {[%clk 0:10:09]} 29. b3
{[%clk 0:13:38]} Ne6 {[%clk 0:09:58]} 30. R8f3 {[%clk 0:13:34]} Ng5
{[%clk 0:09:47]} 31. Re3 {[%clk 0:13:08]} Ne4 {[%clk 0:09:47]} 32. c4
{[%clk 0:12:50]} Nf6 {[%clk 0:09:20]} 33. Rh3+ {[%clk 0:12:11]} Kg8
{[%clk 0:09:24]} 34. Rc1 {[%clk 0:11:24]} g6 {[%clk 0:07:38]} 35. c5
{[%clk 0:11:21]} Ne4 {[%clk 0:05:20]} 36. cxb6 {[%clk 0:10:45]} Rb7
{[%clk 0:05:27]} 37. Rc8 {[%clk 0:10:17]} Nf6 {[%clk 0:05:09]} 38. Rf3
{[%clk 0:10:00]} Rxb6 {[%clk 0:04:59]} 39. Rxf6 {[%clk 0:09:45]} Rxf6
{[%clk 0:05:04]} 40. Rxe8+ {[%clk 0:09:53]} Kg7 {[%clk 0:05:12]} 41. Re7+
{[%clk 0:09:59]} Kg8 {[%clk 0:05:14]} 42. Rd7 {[%clk 0:10:05]} Rb6
{[%clk 0:05:11]} 43. Rxd5 {[%clk 0:10:02]} Rxb3 {[%clk 0:05:18]} 44. Rxa5
{[%clk 0:10:08]} Rb1+ {[%clk 0:05:19]} 45. Kf2 {[%clk 0:10:11]} Rb2+
{[%clk 0:05:23]} 46. Kg3 {[%clk 0:10:06]} Rb3+ {[%clk 0:05:30]} 47. Nf3
{[%clk 0:10:10]} 1-0

[Event "D14"]
[Site "?"]
[Date "2020.08.25"]
[Round "11.3"]
[White "Mroz, Lena"]
[Black "Zabrzanska, Weronika"]
[Result "1/2-1/2"]
[BlackElo "1654"]
[WhiteElo "1459"]
[LiveChessVersion "1.4.4"]

1. e4 e5 2. Nf3 {[%clk 0:15:27]} Nc6 {[%clk 0:15:29]} 3. Bb5 {[%clk 0:15:34]}
Nge7 {[%clk 0:15:38]} 4. c3 {[%clk 0:15:26]} a6 {[%clk 0:15:46]} 5. Ba4
{[%clk 0:15:35]} g6 {[%clk 0:15:52]} 6. O-O {[%clk 0:15:35]} Bg7 {[%clk 0:16:00]}
7. d4 {[%clk 0:15:35]} b5 {[%clk 0:16:06]} 8. Bb3 {[%clk 0:15:42]} exd4
{[%clk 0:16:13]} 9. cxd4 {[%clk 0:15:50]} O-O {[%clk 0:16:21]} 10. Re1
{[%clk 0:15:41]} Bb7 {[%clk 0:16:24]} 11. Nc3 {[%clk 0:15:39]} Na5
{[%clk 0:16:25]} 12. Bc2 {[%clk 0:15:45]} d6 {[%clk 0:16:12]} 13. a3
{[%clk 0:14:46]} c5 {[%clk 0:15:47]} 14. Be3 {[%clk 0:11:44]} Nc4
{[%clk 0:15:21]} 15. Bc1 {[%clk 0:11:34]} Na5 {[%clk 0:14:16]} 16. Qd3
{[%clk 0:10:40]} Nec6 {[%clk 0:12:51]} 17. d5 {[%clk 0:09:53]} Ne5
{[%clk 0:11:20]} 18. Nxe5 {[%clk 0:10:01]} Bxe5 {[%clk 0:10:46]} 19. f4
{[%clk 0:09:51]} Bd4+ {[%clk 0:10:29]} 20. Be3 {[%clk 0:09:45]} Bxe3+
{[%clk 0:10:38]} 21. Qxe3 {[%clk 0:09:47]} Nc4 {[%clk 0:10:36]} 22. Qc1
{[%clk 0:09:55]} b4 {[%clk 0:08:57]} 23. axb4 {[%clk 0:09:35]} cxb4
{[%clk 0:09:03]} 24. Na4 {[%clk 0:09:27]} Rc8 {[%clk 0:08:41]} 25. Bd3
{[%clk 0:06:33]} Ne5 {[%clk 0:07:01]} 26. Qd2 {[%clk 0:06:19]} Nxd3
{[%clk 0:07:07]} 27. Qxd3 {[%clk 0:06:27]} Qc7 {[%clk 0:06:38]} 28. Re2
{[%clk 0:05:04]} Rfe8 {[%clk 0:05:27]} 29. Rae1 {[%clk 0:04:34]} a5
{[%clk 0:03:46]} 30. b3 {[%clk 0:03:44]} Qb8 {[%clk 0:03:08]} 31. Qd4
{[%clk 0:03:30]} Ba6 {[%clk 0:02:52]} 32. Rd2 {[%clk 0:03:32]} Bb5
{[%clk 0:02:07]} 33. e5 {[%clk 0:02:21]} Bxa4 {[%clk 0:01:36]} 34. bxa4
{[%clk 0:02:30]} Qc7 {[%clk 0:01:14]} 35. e6 {[%clk 0:01:45]} Qc5
{[%clk 0:00:29]} 1/2-1/2

[Event "D14"]
[Site "?"]
[Date "2020.08.25"]
[Round "11.4"]
[White "Pawicka, Magdalena"]
[Black "Bialek, Alicja"]
[Result "1-0"]
[BlackElo "1307"]
[WhiteElo "1610"]
[LiveChessVersion "1.4.4"]

1. e4 c5 2. Nf3 d6 3. d4 cxd4 4. Nxd4 Nf6 5. Nc3 g6 6. Be3 Bg7 7. f3 Nc6 8. Qd2
O-O 9. O-O-O d5 10. Qe1 e5 11. Nxc6 bxc6 12. exd5 Nxd5 13. Bc4 Be6 14. Ne4 Qc7
15. Bf2 Nf4 16. Bxe6 Nxe6 17. Nc5 Nxc5 18. Bxc5 Rfd8 19. Qe4 Qa5 20. Ba3 Rab8 21.
Qxc6 Bh6+ 22. Kb1 Rdc8 23. Qd6 Qa4 24. Qd3 Rc6 25. Qe4 Rc4 26. Qd3 Rc6 27. Be7
Ra6 28. a3 Rab6 29. Bb4 a5 30. b3 Rxb4 31. axb4 Rxb4 32. Qc3 Qb5 33. Rhe1 a4 34.
Rd8+ Kg7 35. Rxe5 Qb6 36. Rb5+ 1-0